[Event "15th Kesan Open 2017"]
[Site "Kesan"]
[Date "2017.08.15"]
[Round "5.1"]
[White "Benidze, Davit"]
[Black "Savchenko, Boris"]
[Result "1-0"]
[WhiteElo "2476"]
[BlackElo "2602"]
[Annotator "TA"]
[PlyCount "96"]
[EventCountry "TUR"]
[SourceTitle "playchess.com"]
[Source "ChessBase"]
[SourceQuality "1"]

{[%evp 18,96,22,-57,-30,-68,-45,-61,77,0,55,49,81,-43,-41,-35,-33,-48,-27,-36,-35,-46,0,-7,0,-28,-18,-28,-28,-19,-30,-39,-49,-26,-15,-10,0,0,0,-8,-10,-13,0,0,0,0,0,0,0,0,0,0,0,0,0,0,0,0,285,110,245,163,697,677,693,687,1182,1174,1125,1106,1003,1032,29945,29945,7533,6456,1266,872,858,783,650]} 1. Nf3 c5 2. g3 Nc6 3. Bg2 g6 4. O-O Bg7 5. c4 e6 6. Nc3 {[%cal Bb1c3,Bc3b5,Bb5d6][%mdl 32]} Nge7 7. d4 Nxd4 8. Nxd4 cxd4 9. Nb5 {A37: Symmetrical English vs ...g6: 4 Bg2 Bg7 5 Nf3} Nf5 10. g4 {LiveBook: 5 Games} ({Better is} 10. Bg5 $11 f6 11. Bc1) (10. Bf4 e5 11. e4 Ne7 12. Nd6+ Kf8 13. c5 exf4 14. Qb3 Nd5 15. exd5 Be5 16. Rfe1 Bxd6 17. cxd6 {1-0 (64) Predke,A (2587)-Paravyan,D (2528) Sochi 2016}) 10... Nh4 $1 $15 (10... a6 $6 11. Qa4 $11) 11. Nd6+ {Black has an edge.} Kf8 12. Qd3 $146 (12. Nxb7 $2 Qc7 $19) ({Predecessor:} 12. b3 Nxg2 13. Kxg2 Qh4 14. h3 h5 15. g5 d3 16. Be3 Be5 17. Qxd3 Bf4 18. Bxf4 Qxf4 19. Qg3 Qxg3+ 20. fxg3 Rh7 21. e4 b6 22. e5 {1-0 (22) Kretchetov,A (2335)-Lakdawala,C (2435) Costa Mesa 2003}) 12... f5 (12... Nxg2 $15 {stays ahead.} 13. Kxg2 Qc7) 13. e4 (13. gxf5 $16 gxf5 14. Bf4 (14. Nxb7 Bxb7 15. Bxb7 Rb8 $15)) 13... Nxg2 (13... dxe3 $1 $11 14. Qxe3 fxg4) 14. Kxg2 $14 {[%cal Rg4f5]} Qh4 15. Qg3 (15. gxf5 $16 gxf5 16. Qg3) 15... Qxg4 $15 16. Qxg4 fxg4 17. f3 g3 18. hxg3 Ke7 19. c5 b6 20. Bg5+ Kf8 21. cxb6 {[#] Threatens to win with Rac1.} axb6 (21... Ba6 $5 {[%cal Ra6f1]} 22. Rfc1 axb6 $15) 22. Rfc1 Ba6 23. Rc7 h6 24. Bd2 $1 Ke7 25. Bb4 Be5 26. Nb7+ Ke8 27. Nd6+ Ke7 28. Nb7+ Kf6 29. Nd6 $1 g5 {White must now prevent ...Rh7.} (29... Bxd6 $5 30. Bxd6 Rhc8 $11) 30. Rxd7 Rhf8 31. Rh1 {[%cal Rh1h6]} Kg6 32. Re7 $40 {[%mdl 128] White is up to no good.} Rf6 33. Ne8 Rxe8 $1 34. Rxe8 {aiming for Be7.} Be2 35. f4 gxf4 36. Be7 f3+ 37. Kf2 Rf7 $2 {[%mdl 8192] [#]} (37... Kf7 $1 $11 38. Bxf6 Bxf6) 38. Bd6 $1 {[%mdl 512]} Bf6 (38... Bg7 $16) (38... Bxd6 39. Rxe6+) 39. Bf4 d3 $2 (39... Rd7 40. Rxe6 Kf7) 40. Rxe6 $18 Kg7 {White should prevent ...Bd4+.} 41. Bxh6+ Kg8 {Black wants to play ...Bd4+.} 42. Re8+ Kh7 43. e5 Bg7 44. e6 {White threatens Bxg7+ and mate.} Rf6 45. Bxg7+ Kxg7 46. Rhh8 {[%csl Gh8][%cal Re8g8] White is clearly winning.} Rxe6 47. Rxe6 {Threatening mate with Rc8.} Kxh8 48. Rd6 b5 {Precision: White = 42%, Black = 40%.} 1-0

[Event "15th Kesan Open 2017"]
[Site "Kesan"]
[Date "2017.08.15"]
[Round "5.2"]
[White "Rasulov, Vugar"]
[Black "Maden, Mirac Kerem"]
[Result "1-0"]
[WhiteElo "2509"]
[BlackElo "2014"]
[Annotator "TA"]
[PlyCount "99"]
[EventCountry "TUR"]
[SourceTitle "playchess.com"]
[Source "ChessBase"]
[SourceQuality "1"]

{[%evp 21,99,0,9,-9,-8,-5,33,10,19,0,3,0,105,54,130,132,132,130,137,129,139,120,119,104,106,99,99,86,90,85,87,91,77,61,123,54,95,95,95,95,104,95,106,99,106,106,107,82,84,0,72,73,91,29,29,0,29,29,73,30,164,166,160,164,167,168,558,537,453,441,606,568,578,569,645,552,29977,29978,29977,29975]} 1. g3 Nf6 2. Bg2 d5 3. Nf3 e6 4. O-O Be7 5. c4 b6 6. d4 O-O 7. Nc3 Bb7 8. Ne5 Nbd7 9. Qa4 c6 10. Nxc6 Bxc6 11. Qxc6 Rc8 {LiveBook: 15 Games} 12. Qb7 {[%cal Rc4d5] E18: Queen's Indian: Old Main Line (4 g3 Bb7 5 Bg2 Be7 6 0-0 0-0 7 Nc3)} (12. Qb5 $5 {[%cal Rc4d5]} Rxc4 13. e3 $11) (12. Qb5 Rxc4 13. e3 Qc7 14. a3 Rc8 15. Bd2 Qb7 16. Rfc1 a6 17. Qb3 b5 18. Bf1 R4c7 19. Na2 Nb6 20. Rxc7 Rxc7 {1-0 (55) Devereaux,M (2365)-Getz,N (2461) Tromsoe 2016}) 12... Rc7 13. Qa6 {[%cal Rc4d5]} Rxc4 $146 ({Find the theoretical novelty and annotate with similar games:} 13... Nb8 14. Qa4 Rxc4 15. Qxa7 Nc6 16. Qa6 Nxd4 17. e4 Nc2 18. Rb1 Rc8 19. exd5 Nb4 {½-½ (74) Gokhale,J (2355)-Alqudaimi,B (2237) Dubai 2002}) 14. Rd1 {White is slightly better.} Nb8 15. Qxa7 Nc6 16. Qa6 Qd7 (16... Nb4 $11 17. Qa4 Nc6) 17. Bf4 (17. e3 $1 $16) 17... Nxd4 (17... h6 $14) 18. Be5 Nc2 19. Bxf6 $1 Bxf6 {[#]} 20. Qxc4 $1 {[%mdl 512]} dxc4 21. Rxd7 Nxa1 22. Rc7 g6 23. Rxc4 Rd8 24. Rc6 Rd2 25. Rxb6 {Ne4 is the strong threat.} Bxc3 26. bxc3 {And now a4 would win.} Rxa2 $16 {[%mdl 4096] Endgame KRB-KRN} 27. Rb1 Nc2 (27... Ra3 $1 $14) 28. e3 (28. Be4 $16) 28... Ra1 29. Rxa1 Nxa1 {KB-KN} 30. f4 f6 31. h4 {[%cal Bh2h4,Bh4h5][%mdl 32]} h6 32. h5 g5 33. Kf2 Nb3 34. f5 Kf7 35. Bf1 (35. Bh3 $1 $16) 35... Na5 (35... Nc5 $11) 36. Bd3 Ke7 37. fxe6 (37. Kf3 $16) 37... Kxe6 $11 38. Ke2 Kd6 39. Bh7 Nb7 40. Kd3 {Hoping for Ke4.} Kc5 (40... Ke5 $1 $11 {and Black is okay.}) 41. Bg8 $1 $18 Nd6 42. e4 {[%cal Be3e4,Be4e5][%mdl 32]} Nc8 {[#]} 43. e5 $1 {[%cal Re5f6]} f5 $2 (43... fxe5 44. Ke4 Kd6) 44. Bf7 Ne7 {[#]} 45. Be6 $1 Nc6 46. Bxf5 Nxe5+ 47. Ke4 Nf7 48. Be6 Nd8 49. Bd5 Kd6 50. c4 {Precision: White = 52%, Black = 42%.} 1-0

[Event "15th Kesan Open 2017"]
[Site "Kesan"]
[Date "2017.08.15"]
[Round "5.3"]
[White "Sanikidze, Tornike"]
[Black "Grigoriev, Armen"]
[Result "1/2-1/2"]
[WhiteElo "2548"]
[BlackElo "2160"]
[Annotator "TA"]
[PlyCount "196"]
[EventCountry "TUR"]
[SourceTitle "playchess.com"]
[Source "ChessBase"]
[SourceQuality "1"]

{[%evp 16,196,44,44,44,45,51,55,50,46,54,45,47,41,43,6,130,128,127,108,117,120,123,62,61,63,66,39,35,0,7,0,0,0,0,0,-13,-38,-46,-48,-51,-54,-29,-115,-97,-101,-84,-143,0,0,21,0,0,0,0,0,64,0,0,0,13,0,0,0,0,-29,0,0,0,0,0,0,0,0,0,0,19,0,0,0,0,0,0,0,0,-107,-122,-147,-68,-143,0,0,0,0,0,0,73,85,131,130,389,408,361,402,372,339,399,387,414,377,341,332,500,515,381,368,12840,12841,12840,12840,12838,12838,12838,12839,12844,12839,12840,1482,1067,651,406,0,598,592,393,273,264,0,0,0,0,0,0,0,0,0,0,0,0,0,0,0,0,0,0,0,0,0,0,0,0,0,0,0,0,0,0,0,0,0,0,0,0,0,0,0,0,0,0,0,0,0,0]} 1. d4 Nf6 2. c4 e6 3. Nf3 d5 4. Nc3 Bb4 5. cxd5 exd5 6. Bg5 Qd6 7. Nd2 c6 {D38: Queen's Gambit Declined: Ragozin Defence (4 Nf3 Bb4)} (7... Bf5 8. e3 c6 9. Qb3 Ne4 10. Ndxe4 Bxe4 11. a3 Bxc3+ 12. bxc3 b6 13. Qb4 Qxb4 14. cxb4 a6 15. a4 {1-0 (45) Nakamura,H (2779)-Nguyen,N (2629) Doha 2016}) 8. e3 O-O 9. Bd3 {LiveBook: 3 Games} Re8 {White is slightly better.} 10. O-O h6 $146 ({Predecessor:} 10... Nbd7 11. Qc2 Nf8 12. a3 Bxc3 13. bxc3 Ng6 14. e4 Nxe4 15. Nxe4 dxe4 16. Bxe4 {1-0 (36) Sorin,A (2486)-Liascovich,L (2237) Villa Ballester 2001}) 11. Bh4 Nbd7 12. a3 Ba5 13. b4 Bd8 (13... Bc7 $2 14. Bg3 $18) 14. Bg3 Qe7 15. e4 {[%cal Be3e4,Be4e5][%mdl 32]} Nf8 (15... Bb6 $1 $11) 16. e5 $1 $16 {[%cal Re5f6]} N6h7 17. Qc2 Bb6 18. Nb3 g6 19. Na4 (19. Bf4 $16) 19... Ne6 $14 20. Nxb6 axb6 21. f4 Ng7 $1 22. Bf2 Nf8 23. h3 Bf5 24. Bxf5 Nxf5 25. g4 Ng7 $1 26. f5 gxf5 27. gxf5 Qg5+ 28. Kh2 Qxf5 29. Qd2 (29. Qxf5 $11 Nxf5 30. Bg1) 29... Qh5 $17 30. Be3 Re6 31. Nc1 {[#]} (31. Qg2 $142) 31... Ng6 (31... Rxe5 $1 $17 {[%mdl 512] Hoping for ...Rf5.} 32. dxe5 Qxe5+ 33. Rf4 Nfe6) 32. Nd3 $1 $11 Rf8 (32... f6 $5) 33. Bxh6 Nxe5 $1 34. Nxe5 (34. Bxg7 Nxd3 35. Qxd3 Qe2+ 36. Qxe2 Rxe2+ 37. Kg3 Kxg7 $17) 34... Rxh6 35. Rf3 {Strongly threatening Rg1.} Re8 (35... f6 $11 36. Raf1 Re8) 36. Rg1 (36. Qf4 $1 $14) 36... Rxe5 $1 37. dxe5 {aiming for Qf4.} Qxe5+ (37... Qxf3 {is interesting.} 38. Qxh6 Qe2+ 39. Rg2 Qxe5+ 40. Kg1 Qe1+) 38. Qf4 (38. Kh1 $5 {[%cal Rd2h6]} Qe6 39. Rgg3 $11) 38... Qxf4+ 39. Rxf4 {[%mdl 4096] Endgame KRR-KRN} Kf8 40. Rfg4 Ne6 41. Rg8+ Ke7 42. Rb8 Nd8 $1 43. Rg8 Rd6 44. Kg3 c5 45. Rc8 Ne6 46. h4 d4 47. Kf2 d3 48. Ke1 Rd4 49. h5 Rh4 50. Rb8 {[#]} (50. Kd2 $11 {remains equal.}) 50... c4 $1 $17 51. Rxb7+ Kd6 {White must now prevent ...c3.} 52. Rc8 $1 {[#]} Kd5 ({But not} 52... Rh1+ $6 53. Kd2 $11) ({Black should play} 52... Ke5 $1 $17 53. Rxf7 (53. Rxb6 $2 Kd4 $19) 53... Kd4) 53. Rd7+ $11 (53. Rxf7 Rh1+ 54. Kf2 Kd6) 53... Ke5 54. a4 Rh1+ 55. Kf2 Rxh5 (55... Nf4 $11 {keeps the balance.}) 56. Rxc4 $16 Rh2+ 57. Ke3 Ra2 $2 {[%mdl 8192]} (57... f5 $16 {was called for.} 58. Kxd3 Nf4+ 59. Ke3 Nd5+ 60. Kf3 Rh3+ 61. Kf2 Rb3) 58. Re4+ $18 Kf6 59. Kxd3 ({Weaker is} 59. Rxd3 Ke7 $18) 59... Rxa4 60. Kc4 Ra8 61. Kb5 Rb8 62. Re1 Ng5 63. Rd6+ Ne6 (63... Kf5 $142 64. Rxb6 Rc8) 64. Rxb6 Rd8 65. Rf1+ Ke5 $2 (65... Kg7 66. Rb7 Rf8) 66. Rxf7 Nd4+ 67. Kc4 Rc8+ 68. Kd3 Nb3 69. Re7+ Kd5 70. Rd7+ Ke5 71. Ke3 (71. Rh6 $142 Nc1+ 72. Ke3) 71... Rh8 72. Rf7 Kd5 73. Rd7+ $2 (73. Rf5+ $18 Kc4 74. Rf4+ Kd5 75. Rb5+ Kd6 76. Kd3) 73... Kc4 $2 {[%mdl 8192]} (73... Ke5 $1 $11 {and Black is okay.} 74. Kd3 Rh4 75. Rb5+ Ke6) 74. Rc7+ Kd5 75. Rf7 Rh3+ 76. Rf3 $2 (76. Kf4 $18) 76... Rxf3+ $11 {The position is equal.} 77. Kxf3 {Ke3 is the strong threat. KR-KN} Nd4+ 78. Ke3 {Threatens to win with Kd3.} Kc4 79. Ke4 Nb5 80. Ke5 Kxb4 81. Kd5 Ka4 82. Kc5 Na3 83. Rb2 Ka5 84. Rb4 (84. Rb3 $5 {[%cal Rb3a3]} Ka4 85. Rb2 $14) 84... Nc2 85. Rh4 (85. Rb1 {with more complications.} Ka4 86. Kd5 Na3 87. Rb7 Nc2 88. Rb2) 85... Na3 86. Rh2 Ka4 87. Rb2 Ka5 88. Rg2 (88. Rb7 {feels hotter.} Ka4 89. Kd4 Ka5 90. Rb2 Nb5+ 91. Kc4) 88... Ka4 89. Rg3 Nc2 90. Rd3 Na3 91. Rc3 Nb5 92. Rc4+ Ka5 93. Rb4 Na3 94. Rb8 {[%cal Rb8a8]} Ka4 95. Rb7 Nc2 96. Rb2 Na3 97. Ra2 Kb3 98. Rxa3+ Kxa3 {Precision: White = 63%, Black = 60%.} 1/2-1/2

[Event "15th Kesan Open 2017"]
[Site "Kesan"]
[Date "2017.08.15"]
[Round "5.4"]
[White "Aliyev, Elnur"]
[Black "Annaberdiev, Meilis"]
[Result "1/2-1/2"]
[WhiteElo "2150"]
[BlackElo "2487"]
[Annotator "TA"]
[PlyCount "118"]
[EventCountry "TUR"]
[SourceTitle "playchess.com"]
[Source "ChessBase"]
[SourceQuality "1"]

{[%evp 21,118,0,0,0,0,-1,72,71,56,59,72,64,60,67,89,60,62,64,53,63,70,57,57,61,91,90,89,93,90,0,0,0,0,0,0,0,0,0,0,0,0,0,8,7,0,0,0,0,10,0,0,0,0,-64,-53,-109,0,0,47,16,697,685,672,658,607,568,399,388,891,888,1000,972,802,0,0,0,0,0,759,0,0,0,759,759,759,0,0,0,759,0,0,0,710,0,0,0,643,0,0]} 1. Nf3 g6 2. g3 Bg7 3. Bg2 d6 {[%cal Bd7d6,Bd6d5,Bd5d4,Bd4d3][%mdl 32]} 4. d4 Nf6 5. O-O O-O 6. b3 c5 7. Bb2 cxd4 8. Nxd4 d5 9. c4 e5 {A49: 1 d4 Nf6 2 Nf3 g6 3 g3: Anti-King's Indian systems} (9... dxc4 10. bxc4 Qb6 11. Qb3 Nfd7 12. Rd1 Nc6 13. e3 Nc5 14. Qxb6 axb6 15. Nc3 Nxd4 16. exd4 Na4 17. Nxa4 Rxa4 18. Bf1 Be6 19. Rd2 Bxc4 20. Bxc4 Rxc4 21. d5 {½-½ (80) Bu,X (2681)-Wei,Y (2706) China 2015}) 10. Nc2 d4 11. e3 d3 {LiveBook: 4 Games} 12. Nb4 e4 13. Nd2 {[%cal Bb1d2,Bd2e4,Be4c3][%mdl 32] next Bxf6 is good for White.} a5 $146 (13... Nbd7 $1 $11) ({Predecessor:} 13... Nbd7 14. Nd5 Nxd5 15. Bxg7 Nxe3 16. fxe3 Kxg7 17. Nxe4 {½-½ (31) Dizdarevic,E (2522)-Gallagher,J (2473) Tromsoe 2014}) 14. Nd5 $1 $16 {[%cal Rd5f6]} Nxd5 15. Bxg7 Nxe3 16. fxe3 Kxg7 17. Nxe4 (17. Bxe4 Nc6 $11) 17... Bf5 18. Nc3 Nc6 19. Qd2 Qd6 20. Rf4 Rae8 21. Raf1 Qe5 22. Nd5 Nb4 23. g4 Nxd5 24. Bxd5 Be6 25. Bxe6 ({But not} 25. Qxd3 $6 Bxd5 26. cxd5 (26. Qxd5 Qxd5 27. cxd5 Rxe3 $11) 26... Qxe3+ 27. Qxe3 Rxe3 $11) ({White should try} 25. Re4 $16 Qd6 26. Qxd3) 25... Rxe6 $11 26. Qxd3 Qxe3+ 27. Qxe3 Rxe3 $16 {[%mdl 4096] Endgame KRR-KRR} 28. Rd1 Rfe8 29. Rd7 R8e7 30. Rxe7 Rxe7 $11 {KR-KR} 31. Kf2 Rd7 32. Ke3 Rd1 33. Rd4 Re1+ 34. Kf3 Ra1 35. Rd2 Kf6 36. Ke4 Kg5 37. Kd5 (37. Rd7 $11) 37... Kxg4 $15 38. Kc5 (38. Kd6 $15) 38... a4 (38... f5 $17 39. Kb6 Rc1) 39. b4 $11 {[#] Kb6 is the strong threat.} f5 {Strongly threatening ...f4.} 40. Kb6 f4 $2 {[%mdl 8192]} (40... a3 $11) 41. c5 Kf3 {aiming for ...Ke3.} 42. Kxb7 Ke3 43. Rc2 Kd3 44. c6 Kxc2 $2 {[#]} (44... Rb1 45. c7 Rxb4+ 46. Ka6 Kxc2 47. c8=Q+ Kd2) 45. c7 $18 Rxa2 46. c8=Q+ {KQ-KR} Kb1 47. Qg4 $2 (47. b5 $18) 47... Rc2 $1 $11 48. Qd1+ Kb2 49. Qd4+ Kb3 $2 {[%mdl 8192]} (49... Rc3 $11) 50. Qd3+ $2 (50. b5 $18) 50... Kb2 $1 51. Qd4+ $2 {[%mdl 8192]} (51. h3 $11) 51... Kb3 $18 52. b5 a3 53. Qd3+ $2 (53. b6 $18) 53... Kb2 $11 54. Qd4+ $2 {[%mdl 8192]} (54. Kb6 $11 a2 55. Qd4+ Rc3 56. Qd2+ Kb3 57. Qe1) 54... Kb3 $18 55. Qd5+ $2 (55. b6 $18) 55... Kb2 $1 $11 56. Qe5+ (56. Qe4 $5 {[%cal Re4b4]} Rc3 57. Qb4+ (57. Qxf4 a2 $11) 57... Kc2 58. b6 $11 (58. Qxf4 a2 $11)) 56... Kb3 $2 {[%mdl 8192]} (56... Rc3 $11) 57. Qe6+ $2 (57. b6 $18) 57... Kb2 58. Qe5+ $2 {[%mdl 8192]} (58. b6 $11 f3 59. Qf6+ Rc3 60. Qd4) 58... Kb3 $18 59. Qd5+ $2 ({White should play} 59. b6 $18) 59... Kb2 $1 {Precision: White = 60%, Black = 58%.} 1/2-1/2

[Event "15th Kesan Open 2017"]
[Site "Kesan"]
[Date "2017.08.15"]
[Round "5.5"]
[White "Diri, Reha"]
[Black "Markidis, Konstantinos"]
[Result "1/2-1/2"]
[WhiteElo "1982"]
[BlackElo "2350"]
[Annotator "NA"]
[PlyCount "61"]
[EventCountry "TUR"]
[SourceTitle "playchess.com"]
[Source "ChessBase"]
[SourceQuality "1"]
[TimeControl "5400+30"]

1. e4 {[%emt 0:00:30]} c5 {[%emt 0:01:00]} 2. Nf3 {[%emt 0:00:30]} e6 {[%emt 0:01:30]} 3. c3 {[%emt 0:00:30]} d5 {[%emt 0:01:30]} 4. e5 {[%emt 0:00:30]} Nc6 {[%emt 0:00:00]} 5. d4 {[%emt 0:00:30]} Bd7 {[%emt 0:00:00]} 6. a3 {[%emt 0:01:30] LiveBook: 805 Games} f6 {[%emt 0:01:30]} 7. Bd3 {[%emt 0:00:30]} fxe5 {[%emt 0:12:30]} 8. dxe5 {[%emt 0:04:30]} Nh6 {[%emt 0:04:30]} 9. O-O {[%emt 0:04:30]} Nf7 {[%emt 0:00:30]} 10. Re1 {[%emt 0:00:30]} g6 {[%emt 0:01:30]} 11. h3 {[%emt 0:04:30]} c4 {[%emt 0:10:30]} 12. Bc2 {[%emt 0:00:30]} Qb6 $14 {[%emt 0:00:30]} 13. Re2 {[%emt 0:09:30]} Bg7 {[%emt 0:04:30]} 14. Ba4 {[%emt 0:11:30]} O-O {[%emt 0:08:30]} 15. Bxc6 {[%emt 0:00:30]} Bxc6 {[%emt 0:00:30]} 16. Be3 {[%emt 0:00:30]} Qa5 {[%emt 0:01:30]} 17. Nd4 {[%emt 0:09:30]} Bxe5 {[%emt 0:02:30]} 18. Nxe6 {[%emt 0:01:30]} Rfe8 {[%emt 0:00:00]} 19. Nd4 {[%emt 0:01:30]} Ba4 {[%emt 0:01:00]} 20. Qe1 {[%emt 0:02:30]} Bg7 {[%emt 0:01:30]} 21. Nd2 {[%emt 0:00:30]} Ne5 {[%emt 0:00:30]} 22. N2f3 {[%emt 0:00:30]} Nd3 {[%emt 0:01:30]} 23. Qd2 {[%emt 0:01:30]} Qc7 {[%emt 0:02:30]} 24. b4 {[%emt 0:01:30]} Bd7 {[%emt 0:03:30]} 25. Ne1 {[%emt 0:01:30]} Rac8 {[%emt 0:00:30]} 26. Nef3 {[%emt 0:01:30]} a5 {[%emt 0:00:30]} 27. Rb1 {[%emt 0:01:30]} axb4 {[%emt 0:01:30]} 28. axb4 {[%emt 0:00:00]} Ra8 {[%emt 0:00:30]} 29. Bh6 {[%emt 0:03:00]} Rxe2 {[%emt 0:07:30]} 30. Nxe2 {[%emt 0:03:30]} Bf5 {[%emt 0:05:30]} 31. Bxg7 {[%emt 0:00:30]} 1/2-1/2

[Event "15th Kesan Open 2017"]
[Site "Kesan"]
[Date "2017.08.15"]
[Round "5.6"]
[White "Dimitrov, Atanas"]
[Black "Ozgur, Isa"]
[Result "0-1"]
[WhiteElo "2317"]
[BlackElo "1930"]
[Annotator "NA"]
[PlyCount "80"]
[EventCountry "TUR"]
[SourceTitle "playchess.com"]
[Source "ChessBase"]
[SourceQuality "1"]
[TimeControl "5400+30"]

1. d4 {[%emt 0:00:30]} Nf6 {[%emt 0:01:00]} 2. Nf3 {[%emt 0:00:30]} c5 {[%emt 0:00:30]} 3. d5 {[%emt 0:01:30]} b5 {[%emt 0:02:30]} 4. Bg5 {[%emt 0:01:30]} Qb6 {[%emt 0:00:30]} 5. Bxf6 {[%emt 0:01:30]} Qxf6 {[%emt 0:00:30]} 6. c3 {[%emt 0:00:30] LiveBook: 141 Games} d6 {[%emt 0:02:30]} 7. e4 {[%emt 0:00:30]} a6 {[%emt 0:01:30]} 8. Qc2 {[%emt 0:16:30]} (8. a4 $5 {[%cal Ra4b5]} b4 9. cxb4 $11) 8... Nd7 {[%emt 0:07:30]} 9. a4 {[%emt 0:01:30]} b4 {[%emt 0:09:00]} 10. Be2 $11 {[%emt 0:13:30]} Rb8 {[%emt 0:06:30]} 11. O-O {[%emt 0:00:30]} g5 {[%emt 0:01:30]} 12. Nfd2 {[%emt 0:02:30]} Ne5 {[%emt 0:04:30]} 13. Nc4 {[%emt 0:00:30]} Bg7 {[%emt 0:04:30]} 14. a5 {[%emt 0:14:30]} g4 {[%emt 0:17:30]} 15. Nxe5 {[%emt 0:01:30]} Qxe5 {[%emt 0:02:30]} 16. Rc1 {[%emt 0:13:30]} O-O {[%emt 0:04:30]} 17. Nd2 {[%emt 0:00:00]} f5 {[%emt 0:02:30]} 18. Nc4 {[%emt 0:07:00]} Qf6 {[%emt 0:07:30]} 19. Bd3 {[%emt 0:00:30]} fxe4 {[%emt 0:02:30]} 20. Bxe4 {[%emt 0:00:00]} Bf5 {[%emt 0:01:30]} 21. Bxf5 {[%emt 0:12:03]} Qxf5 {[%emt 0:00:00]} 22. Ne3 {[%emt 0:01:18]} Qxc2 {[%emt 0:01:00]} 23. Rxc2 {[%emt 0:00:01]} bxc3 {[%emt 0:00:30]} 24. bxc3 {[%emt 0:00:08]} h5 {[%emt 0:06:30]} 25. Ra3 {[%emt 0:01:48]} Rb1+ {[%emt 0:01:30]} 26. Nf1 {[%emt 0:00:02]} Rfb8 {[%emt 0:00:30]} 27. f3 {[%emt 0:03:34]} gxf3 {[%emt 0:00:30]} 28. gxf3 {[%emt 0:00:02]} R8b3 {[%emt 0:00:37]} 29. Rxb3 {[%emt 0:00:21]} Rxb3 {[%emt 0:00:23]} 30. Ng3 {[%emt 0:00:22]} Rxc3 {[%emt 0:00:30]} 31. Re2 {[%emt 0:00:41]} Rxf3 {[%emt 0:06:15]} 32. Rxe7 {[%emt 0:01:17]} h4 {[%emt 0:01:55]} 33. Kg2 {[%emt 0:01:10]} Ra3 {[%emt 0:01:15]} 34. Nf5 {[%emt 0:00:34]} h3+ {[%emt 0:00:22]} 35. Kf2 {[%emt 0:04:15]} Be5 {[%emt 0:01:54]} 36. Ra7 {[%emt 0:00:54]} Bxh2 {[%emt 0:05:53]} 37. Rxa6 {[%emt 0:00:56]} Be5 {[%emt 0:00:49]} 38. Nh6+ {[%emt 0:00:29]} Kh7 {[%emt 0:01:14]} 39. Ng4 {[%emt 0:00:02]} Bg3+ {[%emt 0:02:53]} 40. Ke2 {[%emt 0:00:18]} h2 {[%emt 0:00:54]} 0-1

[Event "15th Kesan Open 2017"]
[Site "Kesan"]
[Date "2017.08.15"]
[Round "5.7"]
[White "Rzayev, Askar Aliakbar"]
[Black "Buyukasik, Diyap"]
[Result "0-1"]
[WhiteElo "2072"]
[BlackElo "2285"]
[Annotator "NA"]
[PlyCount "62"]
[EventCountry "TUR"]
[SourceTitle "playchess.com"]
[Source "ChessBase"]
[SourceQuality "1"]
[TimeControl "5400+30"]

1. d4 {[%emt 0:10:30]} Nf6 {[%emt 0:01:00]} 2. Bg5 {[%emt 0:00:00]} e6 {[%emt 0:00:30]} 3. Nd2 {[%emt 0:00:00]} c5 {[%emt 0:01:30]} 4. e3 {[%emt 0:00:30]} Be7 {[%emt 0:02:30]} 5. Ngf3 {[%emt 0:00:30]} O-O {[%emt 0:01:30]} 6. Bd3 {[%emt 0:00:30]} d5 {[%emt 0:05:30]} 7. c3 {[%emt 0:00:00]} Nbd7 {[%emt 0:01:30]} 8. O-O {[%emt 0:00:00]} h6 {[%emt 0:02:30]} 9. Bh4 {[%emt 0:00:30]} a6 {[%emt 0:03:30]} 10. Ne5 {[%emt 0:01:30]} Nxe5 {[%emt 0:02:30]} 11. dxe5 {[%emt 0:00:30]} Nd7 {[%emt 0:00:30]} 12. Bg3 {[%emt 0:00:00]} b5 {[%emt 0:03:30]} 13. Qg4 {[%emt 0:05:00]} f5 {[%emt 0:01:30]} 14. exf6 {[%emt 0:01:30]} Nxf6 {[%emt 0:00:30]} 15. Qg6 $11 {[%emt 0:08:30]} Qe8 {[%emt 0:04:30]} 16. Qxe8 {[%emt 0:06:30]} Rxe8 {[%emt 0:00:30]} 17. a4 {[%emt 0:00:30]} Bd7 {[%emt 0:02:30]} 18. axb5 {[%emt 0:01:30]} axb5 {[%emt 0:00:30]} 19. Bg6 {[%emt 0:01:30]} Rec8 {[%emt 0:02:30]} 20. e4 {[%emt 0:03:30]} Be8 {[%emt 0:01:30]} 21. Bxe8 {[%emt 0:00:30]} Rxe8 {[%emt 0:00:30]} 22. exd5 {[%emt 0:03:30]} exd5 {[%emt 0:00:30]} 23. Rfe1 {[%emt 0:03:30]} Bf8 {[%emt 0:01:30]} 24. Kf1 {[%emt 0:08:30]} Rxe1+ {[%emt 0:03:30]} 25. Rxe1 {[%emt 0:00:30]} Ra2 {[%emt 0:00:00]} 26. Rb1 {[%emt 0:00:00]} Nd7 {[%emt 0:02:00]} 27. Ke2 {[%emt 0:05:00]} c4 {[%emt 0:02:30]} 28. Kd1 {[%emt 0:02:30]} Nc5 {[%emt 0:01:30]} 29. Kc2 {[%emt 0:10:30]} Nd3 {[%emt 0:02:30]} 30. Nf3 {[%emt 0:05:30]} Ba3 {[%emt 0:01:30]} 31. Nd4 {[%emt 0:02:30]} Bxb2 {[%emt 0:00:30]} 0-1